Регионална библиотека "Любен Каравелов" - Русе

Великите писатели разказват своите носталгични истории (Запис номер 179656)

MARC детайли
000 -Лидер
Контролно поле с фиксирана дължина 01860nam a2200349 c 4500
003 - Код на организацията, давaща контролен номер
Контролно поле BLK
005 - Дата и час на последна редакция
Контролно поле 20180422115028.0
008 - Елементи от данни с фиксирана дължина
fixed length control field 180411b bul|||||r ||||||| ||bul||
010 ## - Наследен системен номер
LC control number KNG00188440000
020 ## - Международен стандартен номер на книга ISBN
Международен стандартен номер на книга ISBN 978-619-7120-36-3
-- издат.: Smart Books
040 ## - Източник на каталожния запис
Идентификатор на билиотеката - собственик на записа BLK
041 ## - Код за език
Код за езика на текст/звукозапис или на отделно заглавие Български
Код за езика КДБФ Български
072 #7 - Код за тематичната категория
Код организация bullib
Код за тематична категория Н83
Текст Чужда художествена литература Н
080 ## - УДК
Текстов определител УДК Литература на отделни езици и езикови семейства
УДК код - определител по УДК 821
УДК определител -32(082)
УДК - код + определител 821-32(082)
100 1# - Редна дума - Автор
Автор Виан, Борис
Авторска отговорност първи автор
R(LIN) 377610
139 ## - Редно поле
Редна дума Великите писатели разказват своите носталгични истории
Авторски знак Вели - В 39
245 10 - Сведения за заглавието
Заглавие Великите писатели разказват своите носталгични истории
Редно поле (дума) Борис Виан; състав. Марияна Антонова Добранова; прев. Светла Маринова Евстатиева; прев. Мариела Нинова.
257 ## - Страна на издаване
Страна на създаване/издаване Сборници - Свят
260 ## - Област на издателските данни
-- София
Име на издателя, разпространителя и проч. Smart Books
Година на издаване 2015
Печатница София : Алианс принт
300 ## - Физическа характеристика
Страници 144 с.
Размери/Мащаб 20 см
380 ## - Жанр
Жанр Худож. лит.
500 ## - Общи забележки
Забележка Загл. на кор.: Носталгични истории. - Съдържа произведения от: Борис Виан, Херман Хесе, Джон Ъпдайк, Ерих Кестнер, Антон Павлович Чехов.
659 ## - Тематичен бюлетин
Тематичен бюлетин Н
700 1# - Други автори (авторска отговорност)
Лично име Добранова, Марияна Антонова
Автороска отговорност (Описва отношението между автора и произведението) състав.
9 (RLIN) 383638
700 1# - Други автори (авторска отговорност)
Лично име Евстатиева, Светла Маринова
Автороска отговорност (Описва отношението между автора и произведението) прев.
9 (RLIN) 340090
700 1# - Други автори (авторска отговорност)
Лично име Нинова, Мариела
Автороска отговорност (Описва отношението между автора и произведението) прев.
9 (RLIN) 341844
852 ## - Местоположение
Форматна сигнатура Цб 281005
856 4# - Електронен адрес и достъп
Електронен формат pdf - файл
Път до файла /url/
856 4# - Електронен адрес и достъп
Електронен формат pdf - файл
Път до файла /url/
942 ## - АРТИКУЛИ
Вид на библиотечния материал Книги
Скрит в OPAC Не
944 ## - СЪЗДАВАНЕ И РЕДАКЦИЯ на ЗАПИСА
Създаване/Редакция Създаване
Дата на регистрацията/редакция 14.06.2016
Служител, извършил регистрацията/редакцията Виолета_Тройчева
944 ## - СЪЗДАВАНЕ И РЕДАКЦИЯ на ЗАПИСА
Създаване/Редакция Редакция
Дата на регистрацията/редакция 04.07.2016
Служител, извършил регистрацията/редакцията Геновева_Генчева
999 ## - СИСТЕМНИ КОНТРОЛНИ НОМЕРА
Koha biblionumber 179656
Koha biblioitemnumber 179656
Наличности
Код за отписване Код за изгубен артикул Код за повреда Коз за рестрикции Код за отдаване Артикулен № Име на библиотеката - собственик Име на библиотеката, в която се намира в момента Статус (Текущо местоположение) Дата на вписване в системата Местоположение - отдел Цена в лева Инвентарен номер Систематично азбучна сигнатура Баркод Номер на екземпляра Цена в евро Служебна бележка Служебен тип на артикула
  Не е изгубен Не е повреден без рестрикции ползва се в читалня 308044 Регионална библиотека "Любен Каравелов" Русе Регионална библиотека "Любен Каравелов" Русе Хранилище 2016-06-15 Хранилище 10.00 120000801046 Цб 281005 120000801046 1 5.11 Дост: Dp Вид: Д N: 19 Дата: 11.04.2016 Книги
Vip Innovations Ltd, Rousse, Bulgaria 2025